000 00580nam a2200181 i 4500
001 84678
003 ES-MaACL
005 20230906175050.0
007 t|
008 041123s1967 sp ||||1| spa d
100 1 _aJenkins, E. N.
_966294
245 1 0 _aIntroducción a la radiactividad /
_cpor Eric Neil Jenkins ; [traducido por Julio A. Gonzalo y Salvador Martínez].
260 _a[Madrid] :
_bParaninfo,
_c1967.
300 _a205 p. :
_bil. ;
_c22 cm.
700 1 _aGonzalo, Julio A.
_959053
700 1 _aMartínez, Salvador.
_977807
852 _aES-MaACL
_jC-34088
_bR.64526
999 _c84678
_d84678